[Event "British Columbia-ch"]
[Site "Vancouver CAN"]
[Date "2008.10.10"]
[Round "1.3"]
[White "Pechisker, Alfred"]
[Black "Davies, Lucas"]
[Result "1-0"]
[WhiteElo "2255"]
[BlackElo "2239"]
[PlyCount "65"]
[GameId "2160767910303026"]
[EventDate "2008.10.10"]
[EventType "tourn"]
[EventRounds "7"]
[EventCountry "CAN"]

1. d4 Nf6 2. c4 g6 3. Nc3 Bg7 4. e4 d6 5. f3 O-O 6. Bg5 c5 7. d5 e6 8. Qd2 exd5 9. cxd5 h6 10. Be3 Kh7 11. h4 a6 12. a4 Re8 13. Be2 Nbd7 14. g4 Ne5 15. g5 Nh5 16. Kf2 f6 17. gxh6 Bf8 18. Nh3 Nf7 19. Rag1 Bxh6 20. Bxh6 Nxh6 21. f4 Ng7 22. Ng5+ Kg8 23. Ne6 Bxe6 24. Rxg6 Bf5 25. Rxh6 Bxe4 26. Rg1 Qe7 27. Nxe4 Qxe4 28. Rhg6 Re7 29. h5 Kh8 30. Bf3 Qf5 31. Bg4 Qe4 32. Rh6+ Kg8 33. Be6+ 1-0

[Event "British Columbia-ch"]
[Site "Vancouver CAN"]
[Date "2008.10.10"]
[Round "1.4"]
[White "Jiganchine, Roman"]
[Black "MacKay, Ian"]
[Result "1-0"]
[WhiteElo "2231"]
[BlackElo "2410"]
[PlyCount "107"]
[GameId "2160767910303027"]
[EventDate "2008.10.10"]
[EventType "tourn"]
[EventRounds "7"]
[EventCountry "CAN"]

1. e4 c5 2. Nf3 Nc6 3. d4 cxd4 4. Nxd4 e6 5. Nc3 a6 6. Be2 Nge7 7. Be3 b5 8. O-O Bb7 9. Nb3 d6 10. f4 Ng6 11. Bh5 Na5 12. f5 exf5 13. Nxa5 Qxa5 14. Nd5 Ne5 15. Rxf5 Be7 16. Nxe7 Rd8 17. Nd5 Bxd5 18. Qxd5 O-O 19. Be2 Qc7 20. c3 Ng6 21. Rf2 Ne7 22. Qg5 f6 23. Qg4 Nc6 24. h3 Rde8 25. Bd4 Ne5 26. Qg3 Kh8 27. a4 bxa4 28. Rxa4 a5 29. Bxe5 Rxe5 30. Qd3 Rfe8 31. Bf3 Qb6 32. Qd4 Rc5 33. Rc4 Qc7 34. Rxc5 dxc5 35. Qa4 Rd8 36. Rd2 Rb8 37. Qd7 Qxd7 38. Rxd7 g6 39. Ra7 Rb5 40. c4 Rxb2 41. Rxa5 Rc2 42. Rxc5 Kg7 43. Kf1 h5 44. Be2 h4 45. Rc6 Rc3 46. Kf2 Kf7 47. Bf3 Ke7 48. Ke2 Ra3 49. e5 Ra2+ 50. Kd3 Ra3+ 51. Kd4 fxe5+ 52. Kxe5 Ra5+ 53. Bd5 g5 54. Rg6 1-0

[Event "British Columbia-ch"]
[Site "Vancouver CAN"]
[Date "2008.10.11"]
[Round "2.1"]
[White "McLaren, Brian"]
[Black "MacKay, Ian"]
[Result "0-1"]
[WhiteElo "2269"]
[BlackElo "2410"]
[PlyCount "90"]
[GameId "2160767910303028"]
[EventDate "2008.10.10"]
[EventType "tourn"]
[EventRounds "7"]
[EventCountry "CAN"]

1. e4 c5 2. Nc3 g6 3. g3 Bg7 4. Bg2 Nc6 5. d3 Nf6 6. h3 O-O 7. Be3 d6 8. Nge2 Bd7 9. Qd2 Re8 10. O-O Qc8 11. Kh2 Rb8 12. g4 b5 13. Ng3 b4 14. Nce2 Bxg4 15. hxg4 Nxg4+ 16. Kg1 Nxe3 17. Qxe3 Bxb2 18. Rab1 Bg7 19. Kh2 Qe6 20. Nc1 Nd4 21. Qd2 Qf6 22. Nb3 Qh4+ 23. Kg1 Bh6 24. Qd1 Nb5 25. Ne2 e5 26. Nd2 Bf4 27. Nf3 Qh6 28. Ra1 g5 29. Nxf4 exf4 30. Nh2 Qg6 31. Bf3 g4 32. Kh1 h5 33. Rg1 Kf8 34. Bxg4 hxg4 35. Qxg4 Qxg4 36. Rxg4 Nd4 37. Rc1 Ke7 38. Kg2 Rg8 39. f3 Rh8 40. Nf1 Rb6 41. Nd2 Ra6 42. Nb3 Rxa2 43. Nxd4 cxd4 44. Kg1 a5 45. Rxf4 Rc8 0-1

[Event "British Columbia-ch"]
[Site "Vancouver CAN"]
[Date "2008.10.11"]
[Round "2.2"]
[White "Davies, Lucas"]
[Black "Jiganchine, Roman"]
[Result "0-1"]
[WhiteElo "2239"]
[BlackElo "2231"]
[PlyCount "74"]
[GameId "2160767910303029"]
[EventDate "2008.10.10"]
[EventType "tourn"]
[EventRounds "7"]
[EventCountry "CAN"]

1. e4 c5 2. Nf3 Nc6 3. d4 cxd4 4. Nxd4 Nf6 5. Nc3 e5 6. Ndb5 d6 7. Bg5 a6 8. Na3 b5 9. Nd5 Be7 10. Bxf6 Bxf6 11. c3 Bg5 12. Nc2 O-O 13. a4 bxa4 14. Rxa4 a5 15. Bc4 Rb8 16. b3 Kh8 17. h4 Bh6 18. g4 Bf4 19. Qf3 Be6 20. Ke2 Bxd5 21. Bxd5 Qb6 22. Rd1 Ne7 23. Bc4 d5 24. exd5 f5 25. Ne3 fxg4 26. Qxg4 Bxe3 27. fxe3 Nf5 28. Qh3 Nd6 29. Qg4 Nxc4 30. Qxc4 Rbc8 31. Qe4 Qxb3 32. Rxa5 Qxc3 33. Ra2 Rc4 34. Qd3 Qb4 35. Rb1 Qc5 36. Ra5 Qc8 37. Ra2 Qg4+ 0-1

[Event "British Columbia-ch"]
[Site "Vancouver CAN"]
[Date "2008.10.11"]
[Round "2.3"]
[White "Patterson, Roger"]
[Black "Pechisker, Alfred"]
[Result "1/2-1/2"]
[WhiteElo "2243"]
[BlackElo "2255"]
[PlyCount "65"]
[GameId "2160767910303030"]
[EventDate "2008.10.10"]
[EventType "tourn"]
[EventRounds "7"]
[EventCountry "CAN"]

1. e4 c5 2. Nf3 d6 3. d4 cxd4 4. Nxd4 Nf6 5. Nc3 a6 6. f4 e6 7. Qf3 Qc7 8. Be3 b5 9. Bd3 Bb7 10. g4 b4 11. Nce2 Nfd7 12. O-O-O Nc5 13. Kb1 Nbd7 14. Rhe1 Be7 15. g5 g6 16. Ng3 O-O-O 17. Qe2 Kb8 18. Rc1 Qa5 19. Qd2 d5 20. e5 Rc8 21. a3 Nxd3 22. cxd3 Qa4 23. axb4 Bxb4 24. Rxc8+ Rxc8 25. Qd1 Qa5 26. Re2 Bc6 27. Rc2 Ba4 28. Rxc8+ Kxc8 29. b3 Bb5 30. Nge2 Kb7 31. Nxb5 axb5 32. Qc2 Ba3 33. Qc3 1/2-1/2

[Event "British Columbia-ch"]
[Site "Vancouver CAN"]
[Date "2008.10.11"]
[Round "2.4"]
[White "Berry, Jonathan"]
[Black "Wu, Howard"]
[Result "1-0"]
[WhiteElo "2279"]
[BlackElo "2240"]
[PlyCount "125"]
[GameId "2160767910303031"]
[EventDate "2008.10.10"]
[EventType "tourn"]
[EventRounds "7"]
[EventCountry "CAN"]

1. c4 Nf6 2. g3 c5 3. Bg2 g6 4. Nc3 Bg7 5. a3 Nc6 6. Rb1 a5 7. d3 O-O 8. Bd2 d6 9. Nf3 Bg4 10. h3 Bd7 11. O-O Nd4 12. b4 Nxf3+ 13. exf3 axb4 14. axb4 Bf5 15. Qe2 Ra3 16. g4 Bc8 17. bxc5 dxc5 18. Ra1 Rb3 19. Rfb1 Rb6 20. Rxb6 Qxb6 21. Rb1 Qd6 22. Nb5 Qd8 23. Na7 Qc7 24. Nxc8 Rxc8 25. f4 b6 26. Qf3 Qd6 27. Rb3 Nd7 28. Qd5 Qxd5 29. Bxd5 e6 30. Bg2 Kf8 31. Kf1 Ke7 32. Ke2 Kd6 33. Ra3 Bb2 34. Ra7 Bd4 35. Be4 f5 36. Bg2 Rf8 37. Be3 fxg4 38. hxg4 h5 39. g5 Rg8 40. Be4 Bc3 41. Kf3 Rg7 42. Ra8 Ke7 43. Kg3 Bb2 44. Kh4 Bc3 45. Rc8 Bb2 46. Kg3 Bc3 47. Rc6 Rg8 48. Rxe6+ Kxe6 49. Bd5+ Ke7 50. Bxg8 Nb8 51. Bd5 Na6 52. Be4 Kf7 53. f5 gxf5 54. Bxf5 Nb4 55. Be4 Nc2 56. Bf4 Be1 57. Bc7 h4+ 58. Kxh4 Bxf2+ 59. Kh5 Bd4 60. Kh6 Be3 61. Bxb6 Kg8 62. Kg6 Bd4 63. Bd8 1-0

[Event "British Columbia-ch"]
[Site "Vancouver CAN"]
[Date "2008.10.11"]
[Round "3.1"]
[White "Wu, Howard"]
[Black "McLaren, Brian"]
[Result "0-1"]
[WhiteElo "2240"]
[BlackElo "2269"]
[PlyCount "92"]
[GameId "2160767910303032"]
[EventDate "2008.10.10"]
[EventType "tourn"]
[EventRounds "7"]
[EventCountry "CAN"]

1. e4 Nf6 2. e5 Nd5 3. c4 Nb6 4. c5 Nd5 5. Nc3 e6 6. d4 Nxc3 7. bxc3 b6 8. cxb6 axb6 9. Nf3 Be7 10. Bd3 Ba6 11. O-O Nc6 12. Re1 Bxd3 13. Qxd3 h6 14. Nd2 Ra5 15. Qg3 g6 16. Nb3 Ra4 17. Qd3 Qa8 18. Qc2 Kf8 19. Re3 d6 20. Rf3 Kg7 21. exd6 Bxd6 22. Be3 Ne7 23. c4 Nf5 24. Rh3 Be7 25. Bf4 Qc6 26. Rc3 Rd8 27. Be5+ f6 28. d5 exd5 29. cxd5 Qxd5 30. Bxc7 Rxa2 31. Bxd8 Rxc2 32. Rxc2 Bxd8 33. Rd2 Qxb3 34. Rxd8 g5 35. h3 h5 36. g4 hxg4 37. hxg4 Nh6 38. Rd7+ Kg6 39. Rd4 Qh3 40. Raa4 Nf7 41. f4 Qxg4+ 42. Kf2 Qh4+ 43. Kg2 Qh5 44. fxg5 Nxg5 45. Rab4 Qe2+ 46. Kg3 Qf3+ 0-1

[Event "British Columbia-ch"]
[Site "Vancouver CAN"]
[Date "2008.10.11"]
[Round "3.2"]
[White "Pechisker, Alfred"]
[Black "Berry, Jonathan"]
[Result "0-1"]
[WhiteElo "2255"]
[BlackElo "2279"]
[PlyCount "72"]
[GameId "2160767910303033"]
[EventDate "2008.10.10"]
[EventType "tourn"]
[EventRounds "7"]
[EventCountry "CAN"]

1. d4 d5 2. c4 c6 3. Nf3 e6 4. Nc3 dxc4 5. a4 Bb4 6. e3 b5 7. Bd2 Bxc3 8. Bxc3 a5 9. d5 f6 10. dxc6 b4 11. Qxd8+ Kxd8 12. Bd4 Kc7 13. Bxc4 Ne7 14. Bc5 Nexc6 15. O-O-O Na6 16. Bd6+ Kb6 17. Nd4 Nxd4 18. Rxd4 e5 19. Rd5 Be6 20. Rb5+ Kc6 21. Bxe6 Kxd6 22. Bf5 Nc5 23. Kb1 Rhb8 24. Rd1+ Kc6 25. Rxb8 Rxb8 26. Bxh7 Rh8 27. Bf5 Rxh2 28. Bh3 Ne4 29. Rc1+ Kb6 30. f4 exf4 31. exf4 Nf2 32. Bd7 Nd3 33. Rc6+ Kb7 34. Kc2 Nxf4 35. Rc5 Rxg2+ 36. Kb3 Nd3 0-1

[Event "British Columbia-ch"]
[Site "Vancouver CAN"]
[Date "2008.10.11"]
[Round "3.3"]
[White "Jiganchine, Roman"]
[Black "Patterson, Roger"]
[Result "0-1"]
[WhiteElo "2231"]
[BlackElo "2243"]
[PlyCount "92"]
[GameId "2160767910303034"]
[EventDate "2008.10.10"]
[EventType "tourn"]
[EventRounds "7"]
[EventCountry "CAN"]

1. e4 e5 2. Nf3 Nc6 3. Bb5 a6 4. Ba4 Nf6 5. O-O b5 6. Bb3 Bc5 7. a4 Bb7 8. c3 d6 9. d4 Bb6 10. Re1 O-O 11. Bg5 h6 12. Bh4 g5 13. Bg3 Re8 14. d5 Ne7 15. Na3 c6 16. dxc6 Bxc6 17. Nd2 Ng6 18. Nc2 Qd7 19. Nb4 Bb7 20. Qf3 Kg7 21. Qd3 h5 22. h3 h4 23. Bh2 g4 24. hxg4 Nxg4 25. Rf1 Nxh2 26. Kxh2 Nf4 27. Qf3 Rg8 28. axb5 axb5 29. Rxa8 Bxa8 30. Bd5 Bxd5 31. Nxd5 Nxd5 32. exd5 f5 33. Qh5 Rh8 34. Qg5+ Kf7 35. Nb3 f4 36. f3 h3 37. g4 fxg3+ 38. Qxg3 Be3 39. Kh1 Rg8 40. Qh4 h2 41. Kxh2 Rg6 42. f4 Bxf4+ 43. Kh1 Qf5 44. Qh7+ Kf8 45. Nd2 Rg1+ 46. Kxg1 Qxh7 0-1

[Event "British Columbia-ch"]
[Site "Vancouver CAN"]
[Date "2008.10.11"]
[Round "3.4"]
[White "MacKay, Ian"]
[Black "Davies, Lucas"]
[Result "1-0"]
[WhiteElo "2410"]
[BlackElo "2239"]
[PlyCount "67"]
[GameId "2160767910303035"]
[EventDate "2008.10.10"]
[EventType "tourn"]
[EventRounds "7"]
[EventCountry "CAN"]

1. d4 Nf6 2. c4 g6 3. Nc3 Bg7 4. e4 d6 5. Be2 O-O 6. Bg5 h6 7. Be3 e5 8. d5 Nbd7 9. Qd2 Kh7 10. f3 Ng8 11. g4 Ne7 12. h4 f5 13. exf5 gxf5 14. g5 hxg5 15. Nh3 Kh8 16. Nxg5 Nf6 17. h5 Bh6 18. f4 Nh7 19. Nxh7 Kxh7 20. O-O-O e4 21. Rdg1 Bd7 22. Nd1 Ng8 23. Nf2 Nf6 24. Nh3 Qe7 25. Ng5+ Kh8 26. Bd4 c5 27. dxc6 bxc6 28. Bc3 Be6 29. b3 Rad8 30. Qb2 Bc8 31. Kb1 d5 32. c5 d4 33. Bxd4 Rxd4 34. Qxd4 1-0

[Event "British Columbia-ch"]
[Site "Vancouver CAN"]
[Date "2008.10.12"]
[Round "4.1"]
[White "McLaren, Brian"]
[Black "Davies, Lucas"]
[Result "0-1"]
[WhiteElo "2269"]
[BlackElo "2239"]
[PlyCount "108"]
[GameId "2160767910303036"]
[EventDate "2008.10.10"]
[EventType "tourn"]
[EventRounds "7"]
[EventCountry "CAN"]

1. g3 g6 2. Bg2 Bg7 3. e4 d6 4. d4 c5 5. Ne2 cxd4 6. Nxd4 Nc6 7. Be3 Bd7 8. O-O Nf6 9. h3 O-O 10. Nc3 Rc8 11. Nxc6 Bxc6 12. a4 a6 13. a5 Nd7 14. Bd4 Bxd4 15. Qxd4 Qc7 16. Rfd1 Rb8 17. Bf1 Nc5 18. h4 h5 19. Qe3 b5 20. e5 Nb7 21. e6 f5 22. Ne2 Kh7 23. b4 Rf6 24. Nf4 Nd8 25. Bd3 Bb7 26. f3 Qc6 27. Kf2 Bc8 28. Nxg6 Rxg6 29. Bxf5 Nxe6 30. Be4 Qc4 31. g4 Kg7 32. Rg1 Rf6 33. gxh5+ Kh8 34. Rg6 Qd4 35. Rag1 Bb7 36. Bxb7 Qxe3+ 37. Kxe3 Rxb7 38. Rxf6 exf6 39. Ke4 Rc7 40. Kd5 Nf4+ 41. Kxd6 Rxc2 42. Ke7 Nd5+ 43. Ke6 Nxb4 44. Kxf6 Nd3 45. Rg4 Rc4 46. Rg5 b4 47. Rd5 Rc6+ 48. Ke7 Rc3 49. Rd8+ Kh7 50. Kf6 b3 51. Kg5 b2 52. Rd7+ Kg8 53. Rb7 Rc5+ 54. Kg6 Nf4+ 0-1

[Event "British Columbia-ch"]
[Site "Vancouver CAN"]
[Date "2008.10.12"]
[Round "4.2"]
[White "Patterson, Roger"]
[Black "MacKay, Ian"]
[Result "0-1"]
[WhiteElo "2243"]
[BlackElo "2410"]
[PlyCount "90"]
[GameId "2160767910303037"]
[EventDate "2008.10.10"]
[EventType "tourn"]
[EventRounds "7"]
[EventCountry "CAN"]

1. e4 c5 2. Nf3 e6 3. d4 cxd4 4. Nxd4 a6 5. Nc3 Qc7 6. Bd3 Nf6 7. O-O Nc6 8. Nb3 Be7 9. f4 d6 10. Qe2 Bd7 11. Bd2 h5 12. Rae1 Nb4 13. Kh1 Bc6 14. Nb5 axb5 15. Bxb4 Rxa2 16. e5 dxe5 17. Bxe7 Qxe7 18. fxe5 Ng4 19. Bxb5 O-O 20. Bxc6 bxc6 21. Rf4 Qg5 22. Rc4 Rxb2 23. h3 Nh6 24. Rxc6 Nf5 25. Qd2 Qxd2 26. Nxd2 Nd4 27. Rc4 Nxc2 28. Rb1 Rxb1+ 29. Nxb1 Ne3 30. Rc3 Nf5 31. Nd2 Rd8 32. Nf3 Kh7 33. h4 Nh6 34. Kh2 Kg6 35. Kg3 Ra8 36. Rc4 Ra2 37. Re4 Ng4 38. Ng5 Ra3+ 39. Nf3 Ne3 40. Ng5 Nf5+ 41. Kh2 Nxh4 42. Nxf7 Nxg2 43. Nd8 Kf5 44. Rb4 Nf4 45. Nc6 g5 0-1

[Event "British Columbia-ch"]
[Site "Vancouver CAN"]
[Date "2008.10.12"]
[Round "4.3"]
[White "Berry, Jonathan"]
[Black "Jiganchine, Roman"]
[Result "1/2-1/2"]
[WhiteElo "2279"]
[BlackElo "2231"]
[PlyCount "21"]
[GameId "2160767910303038"]
[EventDate "2008.10.10"]
[EventType "tourn"]
[EventRounds "7"]
[EventCountry "CAN"]

1. c4 c6 2. Nf3 d5 3. e3 Nf6 4. b3 Bf5 5. Bb2 e6 6. Nc3 Nbd7 7. Be2 Bd6 8. O-O h6 9. d3 O-O 10. e4 Bh7 11. cxd5 1/2-1/2

[Event "British Columbia-ch"]
[Site "Vancouver CAN"]
[Date "2008.10.12"]
[Round "4.4"]
[White "Wu, Howard"]
[Black "Pechisker, Alfred"]
[Result "0-1"]
[WhiteElo "2240"]
[BlackElo "2255"]
[PlyCount "54"]
[GameId "2160767910303039"]
[EventDate "2008.10.10"]
[EventType "tourn"]
[EventRounds "7"]
[EventCountry "CAN"]

1. d4 Nf6 2. Bg5 c5 3. Bxf6 gxf6 4. e3 Qb6 5. b3 e5 6. Bc4 cxd4 7. exd4 d5 8. Be2 exd4 9. Nf3 Bb4+ 10. Kf1 Nc6 11. a3 Bd6 12. Qd3 Be6 13. Nbd2 Be5 14. b4 a5 15. bxa5 Qxa5 16. Nb3 Qc3 17. Qb5 O-O 18. Bd3 Ra7 19. Ke2 Rfa8 20. Nfd2 Na5 21. Ra2 Nxb3 22. Nxb3 Qc7 23. g3 b6 24. Qb4 Re8 25. Kd2 Bf4+ 26. gxf4 Qxf4+ 27. Ke1 Bg4+ 0-1

[Event "British Columbia-ch"]
[Site "Vancouver CAN"]
[Date "2008.10.12"]
[Round "5.1"]
[White "Pechisker, Alfred"]
[Black "McLaren, Brian"]
[Result "1/2-1/2"]
[WhiteElo "2255"]
[BlackElo "2269"]
[PlyCount "114"]
[GameId "2160767910303040"]
[EventDate "2008.10.10"]
[EventType "tourn"]
[EventRounds "7"]
[EventCountry "CAN"]

1. e4 Nf6 2. e5 Nd5 3. c4 Nb6 4. d4 d6 5. exd6 cxd6 6. b3 g6 7. Bb2 Bg7 8. Nf3 Bg4 9. h3 Bxf3 10. Qxf3 Nc6 11. Qe3 O-O 12. Na3 d5 13. O-O-O dxc4 14. Bxc4 e6 15. h4 Nd5 16. Qe4 Nce7 17. h5 Nf5 18. Kb1 g5 19. Bd3 Qe7 20. g4 Nf6 21. Qe2 Nd6 22. h6 Bh8 23. Nc4 Rfd8 24. f4 gxf4 25. Nxd6 Qxd6 26. g5 Nd7 27. Qe4 Nf8 28. Qxb7 a5 29. Rhf1 a4 30. Qf3 axb3 31. axb3 Rab8 32. Qxf4 Qxf4 33. Rxf4 Rxb3 34. Kc2 Rb7 35. Bc3 Nd7 36. Bc4 Nb6 37. Rb1 Rc8 38. Ba2 Rxc3+ 39. Kxc3 Nd5+ 40. Bxd5 Rxb1 41. Bf3 e5 42. Rf5 exd4+ 43. Kd3 Rb3+ 44. Kd2 Re3 45. Bd5 Re7 46. Bc4 Be5 47. Bxf7+ Rxf7 48. Rxe5 Rd7 49. Rf5 d3 50. Rf3 Rd5 51. Rxd3 Rxg5 52. Rd8+ Kf7 53. Rd7+ Kg6 54. Rd6+ Kh5 55. Ke3 Rg6 56. Rxg6 Kxg6 57. Kf3 Kxh6 1/2-1/2

[Event "British Columbia-ch"]
[Site "Vancouver CAN"]
[Date "2008.10.12"]
[Round "5.2"]
[White "Jiganchine, Roman"]
[Black "Wu, Howard"]
[Result "0-1"]
[WhiteElo "2231"]
[BlackElo "2240"]
[PlyCount "92"]
[GameId "2160767910303041"]
[EventDate "2008.10.10"]
[EventType "tourn"]
[EventRounds "7"]
[EventCountry "CAN"]

1. e4 c6 2. d4 d5 3. exd5 cxd5 4. c4 Nf6 5. Nc3 g6 6. cxd5 Bg7 7. Qb3 O-O 8. Be2 Na6 9. Bf3 Qb6 10. Nge2 Qxb3 11. axb3 Nb4 12. O-O a5 13. Bf4 Ra6 14. Bc7 Ne8 15. Bd8 Bf6 16. Ne4 Nxd5 17. Nxf6+ Nexf6 18. Bxa5 Be6 19. Bd2 Rb6 20. Ra3 Nb4 21. Nf4 Bf5 22. Bc3 g5 23. Ra5 e6 24. g4 gxf4 25. gxf5 Nbd5 26. fxe6 fxe6 27. Re1 Kf7 28. Rc5 Rxb3 29. Ra1 Ke7 30. Kf1 Kd6 31. Ke2 Nd7 32. Bxd5 exd5 33. Rca5 Nb6 34. R5a3 f3+ 35. Kd3 Rxa3 36. bxa3 Re8 37. Bb4+ Kc6 38. Rg1 Re2 39. Rg7 Rxf2 40. Rxh7 Nc4 41. h4 Re2 42. Rf7 Nb2+ 43. Kc3 f2 44. Kb3 Nd1 45. Rf6+ Kd7 46. Rf7+ Ke6 0-1

[Event "British Columbia-ch"]
[Site "Vancouver CAN"]
[Date "2008.10.12"]
[Round "5.3"]
[White "MacKay, Ian"]
[Black "Berry, Jonathan"]
[Result "0-1"]
[WhiteElo "2410"]
[BlackElo "2279"]
[PlyCount "98"]
[GameId "2160767910303042"]
[EventDate "2008.10.10"]
[EventType "tourn"]
[EventRounds "7"]
[EventCountry "CAN"]

1. Nf3 d5 2. d4 c6 3. g3 Nf6 4. Bg2 Bg4 5. c4 e6 6. Ne5 Bh5 7. Nc3 Nbd7 8. f4 Nxe5 9. fxe5 Nd7 10. cxd5 exd5 11. O-O Be7 12. Qe1 Qb6 13. e3 O-O 14. Bh3 Rad8 15. Bd2 Bg6 16. Ne2 Qxb2 17. Nf4 Nb6 18. Ba5 Qa3 19. e6 f5 20. Rb1 Rf6 21. Rf2 Re8 22. Rb3 Qa4 23. Bf1 Bd6 24. Bb4 Bxf4 25. Ra3 Qxa3 26. Bxa3 Bh6 27. e7 Re6 28. Rf3 Nc8 29. e4 Rxe4 30. Qa5 Be3+ 31. Kg2 Bxd4 32. Bd3 Re6 33. Qa4 Bb6 34. g4 Nxe7 35. gxf5 Nxf5 36. Bc1 Re4 37. Bxe4 Rxe4 38. Qd1 Bh5 39. Kf1 g6 40. Qb3 Nh4 41. Rf4 Be2+ 42. Ke1 Ng2+ 43. Kd2 Nxf4 44. Bb2 Bc4 45. Qc3 Bd4 46. Qxd4 Rxd4+ 47. Bxd4 b6 48. a3 c5 49. Be5 Ne6 0-1

[Event "British Columbia-ch"]
[Site "Vancouver CAN"]
[Date "2008.10.12"]
[Round "5.4"]
[White "Davies, Lucas"]
[Black "Patterson, Roger"]
[Result "1/2-1/2"]
[WhiteElo "2239"]
[BlackElo "2243"]
[PlyCount "61"]
[GameId "2160767910303043"]
[EventDate "2008.10.10"]
[EventType "tourn"]
[EventRounds "7"]
[EventCountry "CAN"]

1. e4 c5 2. Nc3 Nc6 3. g3 g6 4. Bg2 Bg7 5. d3 d6 6. Be3 e6 7. Qd2 h6 8. Nge2 Nd4 9. Nc1 Ne7 10. Nd1 e5 11. c3 Ne6 12. Ne2 f5 13. f4 Qc7 14. O-O Bd7 15. Nf2 exf4 16. Nxf4 Nxf4 17. Bxf4 g5 18. Be3 O-O-O 19. d4 Rhf8 20. b4 c4 21. d5 Kb8 22. Rae1 Ng6 23. exf5 Bxf5 24. a4 Ne5 25. a5 Bd7 26. Kh1 Bb5 27. Qd4 Nc6 28. Qd2 Ne5 29. Qd4 Nc6 30. Qd2 Ne5 31. Qd4 1/2-1/2

[Event "British Columbia-ch"]
[Site "Vancouver CAN"]
[Date "2008.10.13"]
[Round "6.1"]
[White "McLaren, Brian"]
[Black "Patterson, Roger"]
[Result "1/2-1/2"]
[WhiteElo "2269"]
[BlackElo "2243"]
[PlyCount "40"]
[GameId "2160767910303044"]
[EventDate "2008.10.10"]
[EventType "tourn"]
[EventRounds "7"]
[EventCountry "CAN"]

1. g3 c5 2. Bg2 Nc6 3. d3 g6 4. e4 Bg7 5. f4 d6 6. Nf3 e6 7. O-O Nge7 8. c3 O-O 9. Na3 Rb8 10. Nc2 b5 11. a3 a5 12. Kh1 b4 13. axb4 axb4 14. c4 f5 15. Qe2 Qc7 16. Re1 e5 17. fxe5 dxe5 18. Ne3 fxe4 19. dxe4 Nd4 20. Nd5 Nxd5 1/2-1/2

[Event "British Columbia-ch"]
[Site "Vancouver CAN"]
[Date "2008.10.13"]
[Round "6.2"]
[White "Berry, Jonathan"]
[Black "Davies, Lucas"]
[Result "1/2-1/2"]
[WhiteElo "2279"]
[BlackElo "2239"]
[PlyCount "112"]
[GameId "2160767910303045"]
[EventDate "2008.10.10"]
[EventType "tourn"]
[EventRounds "7"]
[EventCountry "CAN"]

1. c4 c6 2. Nf3 d5 3. e3 Bf5 4. Qb3 Qb6 5. cxd5 Qxb3 6. axb3 Bxb1 7. dxc6 Nxc6 8. Rxb1 a6 9. d4 Nf6 10. Bd2 e6 11. Bd3 Be7 12. Ke2 O-O 13. Rhc1 Rfd8 14. Ra1 Rac8 15. Bc3 Nd5 16. g3 Bf6 17. Be4 g6 18. h4 h5 19. Ba5 Rd7 20. Rc4 Kf8 21. Rac1 Ke8 22. Ne1 Rb8 23. Bd2 Na7 24. Nd3 Rdd8 25. Nc5 Nb5 26. Bd3 Bg7 27. Ne4 Nd6 28. Rc5 Nxe4 29. Bxe4 Bf8 30. R5c2 Bd6 31. Ba5 b6 32. Be1 Kd7 33. Bd3 b5 34. e4 Nb4 35. Bxb4 Bxb4 36. Rc7+ Ke8 37. R1c6 Rxd4 38. Rxa6 Rd7 39. Rxd7 Kxd7 40. Ra7+ Ke8 41. f4 Kf8 42. f5 exf5 43. exf5 gxf5 44. Bxf5 Re8+ 45. Kf3 Re3+ 46. Kxe3 Bc5+ 47. Kf3 Bxa7 48. b4 Bd4 49. b3 Bc3 50. Bd3 Bxb4 51. Bxb5 Kg7 52. g4 hxg4+ 53. Kxg4 f6 54. Kf5 Bc3 55. Be2 Kh8 56. Kg6 f5 1/2-1/2

[Event "British Columbia-ch"]
[Site "Vancouver CAN"]
[Date "2008.10.13"]
[Round "6.3"]
[White "Wu, Howard"]
[Black "MacKay, Ian"]
[Result "1/2-1/2"]
[WhiteElo "2240"]
[BlackElo "2410"]
[PlyCount "96"]
[GameId "2160767910303046"]
[EventDate "2008.10.10"]
[EventType "tourn"]
[EventRounds "7"]
[EventCountry "CAN"]

1. e4 c5 2. Nf3 Nc6 3. d4 cxd4 4. Nxd4 e6 5. c4 Nf6 6. Nc3 Qc7 7. Be3 a6 8. Be2 Bb4 9. Nxc6 bxc6 10. Qd3 Bb7 11. O-O h5 12. f4 d6 13. Na4 c5 14. Bf3 Ng4 15. a3 Ba5 16. Rab1 Bc6 17. Bxg4 hxg4 18. b4 cxb4 19. axb4 Bxa4 20. bxa5 O-O 21. Bb6 Qd7 22. Rb2 f5 23. exf5 Rxf5 24. Qe2 d5 25. cxd5 exd5 26. Qxg4 d4 27. Rd2 d3 28. Qf3 Raf8 29. Rxd3 Qf7 30. Rd4 Bb5 31. Rf2 Qg6 32. Qb3+ Kh7 33. Rf3 Rh5 34. Qd1 Re8 35. Rd6 Be2 36. Rg3 Qxg3 37. Qc2+ Bd3 38. Qxd3+ Qxd3 39. Rxd3 Re2 40. h3 Rb5 41. Kh2 Ra2 42. Rg3 Rd5 43. Rg4 g6 44. h4 Ra1 45. Rg3 Ra2 46. Rc3 Rdd2 47. Rg3 Rac2 48. Rg5 Rc4 1/2-1/2

[Event "British Columbia-ch"]
[Site "Vancouver CAN"]
[Date "2008.10.13"]
[Round "6.4"]
[White "Pechisker, Alfred"]
[Black "Jiganchine, Roman"]
[Result "1-0"]
[WhiteElo "2255"]
[BlackElo "2231"]
[PlyCount "59"]
[GameId "2160767910303047"]
[EventDate "2008.10.10"]
[EventType "tourn"]
[EventRounds "7"]
[EventCountry "CAN"]

1. d4 d5 2. c4 dxc4 3. a4 e5 4. dxe5 Qxd1+ 5. Kxd1 Nc6 6. Bf4 Nge7 7. Nf3 Ng6 8. Bg3 Bg4 9. Nbd2 O-O-O 10. Kc1 Na5 11. Kc2 Bb4 12. e3 Rhe8 13. h3 Be6 14. Be2 Bxd2 15. Nxd2 Rxd2+ 16. Kxd2 Nb3+ 17. Kc3 Nxa1 18. Rxa1 Bd5 19. Rd1 Bc6 20. Bg4+ Kb8 21. a5 a6 22. f4 Bxg2 23. Rd7 Ne7 24. Bh4 Ng6 25. Bd8 Bc6 26. Bxc7+ Ka8 27. Rxf7 Ne7 28. Rxg7 h6 29. Kxc4 Nd5 30. Bb6 1-0

[Event "British Columbia-ch"]
[Site "Vancouver CAN"]
[Date "2008.10.16"]
[Round "7.1"]
[White "Jiganchine, Roman"]
[Black "McLaren, Brian"]
[Result "1-0"]
[WhiteElo "2231"]
[BlackElo "2269"]
[PlyCount "61"]
[GameId "2160767910303048"]
[EventDate "2008.10.10"]
[EventType "tourn"]
[EventRounds "7"]
[EventCountry "CAN"]

1. e4 Nf6 2. e5 Nd5 3. d4 d6 4. c4 Nb6 5. exd6 cxd6 6. Nc3 g6 7. Be3 Bg7 8. Rc1 O-O 9. b3 f5 10. Nf3 f4 11. Bd2 e5 12. dxe5 dxe5 13. c5 N6d7 14. Ne4 Nc6 15. Bc4+ Kh8 16. O-O Nf6 17. Nfg5 Nxe4 18. Nxe4 f3 19. Bg5 Qxd1 20. Rcxd1 h6 21. Be3 Bg4 22. g3 Nd4 23. Bxd4 exd4 24. Nd6 a5 25. Rfe1 Bf6 26. Nxb7 Rfc8 27. Nd6 Rxc5 28. Ne4 Be7 29. Nxc5 Bxc5 30. Re5 Rc8 31. Ba6 1-0

[Event "British Columbia-ch"]
[Site "Vancouver CAN"]
[Date "2008.10.13"]
[Round "7.2"]
[White "MacKay, Ian"]
[Black "Pechisker, Alfred"]
[Result "0-1"]
[WhiteElo "2410"]
[BlackElo "2255"]
[PlyCount "62"]
[GameId "2160767910303049"]
[EventDate "2008.10.10"]
[EventType "tourn"]
[EventRounds "7"]
[EventCountry "CAN"]

1. d4 Nf6 2. Nf3 g6 3. g3 Bg7 4. Bg2 O-O 5. O-O d6 6. c4 Nbd7 7. Nc3 e5 8. h3 h6 9. b3 Qe7 10. e3 Rd8 11. Ba3 a6 12. dxe5 Nxe5 13. Nd4 Rb8 14. Re1 c5 15. Nde2 g5 16. Qd2 b5 17. f4 Nxc4 18. bxc4 b4 19. Bb2 bxc3 20. Bxc3 Bb7 21. Ba5 Re8 22. Nc3 Ne4 23. Bxe4 Bxc3 24. Bh7+ Kxh7 25. Bxc3 Qe4 26. Kh2 Re6 27. Rac1 Rbe8 28. Qf2 gxf4 29. exf4 Qxc4 30. Be5 Qd5 31. Bc3 Rxe1 0-1